Statistics for Animals by Alternate Etymology #2

Click here to take the quiz!

General Stats

  • This quiz has been taken 37 times
  • The average score is 7 of 20

Answer Stats

Name MeaningAnimal% Correct
This animal broke the rules to win some gamesCheetah
81%
This cat was branded to advertise an athletic clothing companyPuma
75%
This sea creature was once eaten on a peanut butter sandwichJellyfish
67%
This bird was named when a French man said "yes" when offered a keyKiwi
58%
This animal was named for a light chocolate cream it enjoyedMoose
50%
A person yelled the new namesake for this bird when it was flying right at his friend's headDuck
47%
This animal attended the wedding of two runaway antsAntelope
44%
This large mammal was named when one mistakenly thought it was found along a European river rather than the NileRhino
33%
People would scream when they saw this animal emerge from the waterWhale
31%
A group of this animal once fought a war by planning quick, small-scale attacksGorilla
28%
A blue muppet named this bird after his first initial and last nameSeagull
28%
This shark was named after a company that sells the fifth month of the yearMako
25%
A man from a Balearic island deemed this animal his, naming it after the islandOrca
19%
This animal was named when the climate of its habitat was at a higher temperatureOtter
17%
This animal wears the absolute largest size of female underwearZebra
17%
Observing this mammal was very dull for mostBoar
14%
This bird was named for its tendency to leave fish eggs for others to eatSparrow
11%
This animal was named when a fancy person saw the animal guzzle waterGazelle
8%
This animal was found between the alphabetically first two walls of a buildingWallaby
8%
This sea creature bit a person's head and was named for the area it bitScallop
6%

Score Distribution

Percentile by Number Answered

Percent of People with Each Score

Your Score History

You have not taken this quiz